000 00372 a2200169 4500
001 188490
020 _a978-85-377-1045-6
040 _cMagnum
100 _aCorradini, Ana Paula
240 1 0 _aMeninos x meninas
_lpor
245 1 0 _aMeninos x meninas
300 _a64
362 0 _a2009
440 1 _aEscala Educacional
697 _aLITERATURA JUVENIL
942 _cBK
999 _c188490
_d188490